Genes, Memes and Human History: Darwinian Archaeology and Culture Evolution. (Record no. 3079)

MARC details
000 -LEADER
fixed length control field 00396nam a22001217a 4500
005 - DATE AND TIME OF LATEST TRANSACTION
control field 20200930110700.0
008 - FIXED-LENGTH DATA ELEMENTS--GENERAL INFORMATION
fixed length control field 200930b ||||| |||| 00| 0 eng d
020 ## - INTERNATIONAL STANDARD BOOK NUMBER
International Standard Book Number 0500051186
040 ## - CATALOGING SOURCE
Transcribing agency CML
245 ## - TITLE STATEMENT
Title Genes, Memes and Human History: Darwinian Archaeology and Culture Evolution.
Statement of responsibility, etc. Shennan, S.
260 ## - PUBLICATION, DISTRIBUTION, ETC.
Place of publication, distribution, etc. London
Name of publisher, distributor, etc. Thames & Hudson Ltd.
Date of publication, distribution, etc. 2002
942 ## - ADDED ENTRY ELEMENTS (KOHA)
Source of classification or shelving scheme Dewey Decimal Classification
Koha item type Books
Classification part 930.1
Call number suffix SHE
Holdings
Withdrawn status Lost status Source of classification or shelving scheme Damaged status Not for loan Collection code Home library Current library Shelving location Date acquired Total Checkouts Full call number Barcode Date last seen Price effective from Koha item type
    Dewey Decimal Classification     Geography & History Chalimbana Main Library Chalimbana Main Library Geography & History 09/30/2020   930.1 SHE 9780500051184 09/30/2020 09/30/2020 Books

Powered by Koha